| 000 | 00685nam a22001577a 4500 | ||
|---|---|---|---|
| 008 | 160507b xxu||||| |||| 00| 0 eng d | ||
| 082 |
_22014 _aUT 0528 _bR65 |
||
| 100 |
_97839 _aRollo, Rhanielyn A. |
||
| 245 |
_aLanguage teaching strategies of English teachers and communicative competence of first year college students: basis for a semester intervention program _cRhanielyn A. Rollo, Mary Conception J. Butal and Tweety L. Nackderol/ |
||
| 260 |
_aDigos City: _bUMDC _cOctober 2014. |
||
| 300 |
_a77 pages; _c30 cm. |
||
| 650 | 0 |
_97838 _aEducation _vEnglish _xUndergraduate thesis. |
|
| 700 |
_97836 _aButal, Mary Conception J. |
||
| 700 |
_97837 _aNackderol, Tweetie L. |
||
| 942 |
_2ddc _cUT |
||
| 999 |
_c2387 _d2387 |
||